[Event "Polanica Zdroj op-D 58th"]
[Site "Polanica Zdroj"]
[Date "2022.08.20"]
[Round "8"]
[White "Sleczka, Krzysztof"]
[Black "Milczarek, Robert"]
[Result "1/2-1/2"]
[WhiteElo "1443"]
[BlackElo "1653"]
[PlyCount "32"]
[EventDate "2022.08.13"]
[EventType "swiss"]
[EventRounds "9"]
[EventCountry "POL"]
[SourceTitle "CBM 210 Extra"]
[Source "ChessBase"]
[SourceDate "2022.11.30"]
[SourceVersion "1"]
[SourceVersionDate "2022.11.30"]
[SourceQuality "1"]

1. e4 c5 2. Nf3 g6 3. d4 cxd4 4. Nxd4 Nc6 5. Nc3 Bg7 6. Be3 Nf6 7. Bc4 0-0 8. Bb3 d6 9. f3 Bd7 10. Qd2 Nxd4 11. Bxd4 b5 12. 0-0 a5 13. a4 b4 14. Nd5 Nxd5 15. Bxd5 Bxd4+ 16. Qxd4 Rc8 1/2-1/2

[Event "Warsaw YMCA Spring-B 258th"]
[Site "Warsaw"]
[Date "2022.04.27"]
[Round "4"]
[White "Kacprzak, Karol"]
[Black "Milczarek, Robert"]
[Result "1/2-1/2"]
[WhiteElo "1699"]
[BlackElo "1668"]
[PlyCount "71"]
[EventDate "2022.04.07"]
[EventType "tourn"]
[EventRounds "11"]
[EventCountry "POL"]
[SourceTitle "EXT 2023"]
[Source "ChessBase"]
[SourceDate "2022.10.05"]
[SourceVersion "1"]
[SourceVersionDate "2022.10.05"]
[SourceQuality "1"]

1. c4 Nf6 2. Nc3 g6 3. g3 Bg7 4. Bg2 0-0 5. Nf3 d6 6. 0-0 e5 7. d3 h6 8. Rb1 a5 9. a3 Re8 10. Nd2 c6 11. b4 axb4 12. axb4 d5 13. b5 Be6 14. c5 Nbd7 15. bxc6 bxc6 16. Na4 Bf8 17. Nb6 Ra5 18. Nb3 Rb5 19. Nxd7 Nxd7 20. Bb2 Qb8 21. Ba1 Nxc5 22. Nxc5 Bxc5 23. Rxb5 Qxb5 24. Qd2 Kh7 25. Bxe5 Be7 26. d4 f6 27. Bf4 Bf5 28. Be3 Rb8 29. h4 h5 30. Ra1 Bd6 31. Bf4 Bb4 32. Qe3 Rg8 33. Ra7+ Rg7 34. Rxg7+ Kxg7 35. Qe8 Qb7 36. Kh2 1/2-1/2

[Event "Mazowiec-chT op 1819"]
[Site "Warsaw"]
[Date "2018.12.09"]
[Round "3.21"]
[White "Milczarek, Robert"]
[Black "Wesolek, Krzysztof"]
[Result "1-0"]
[WhiteElo "1703"]
[BlackElo "1334"]
[PlyCount "91"]
[EventDate "2018.12.02"]
[EventType "team-swiss"]
[EventRounds "10"]
[EventCountry "POL"]
[SourceTitle "EXT 2020"]
[Source "ChessBase"]
[SourceDate "2019.10.17"]
[SourceVersion "1"]
[SourceVersionDate "2019.10.17"]
[SourceQuality "1"]

1. d4 d5 2. c4 e6 3. Nc3 Nf6 4. cxd5 exd5 5. Bg5 Be7 6. e3 Bf5 7. Qb3 Nbd7 8. Bxf6 Nxf6 9. Nf3 0-0 10. Be2 Re8 11. 0-0 Rb8 12. Rfc1 c6 13. h3 Bd6 14. Nh4 Bc8 15. Bd3 Bc7 16. Nf3 Qd6 17. Qc2 a6 18. Rab1 h6 19. b4 b5 20. Ne2 Bd7 21. Ng3 Rxe3 22. fxe3 Qxg3 23. Qf2 Re8 24. Qxg3 Bxg3 25. Ne5 Bxe5 26. dxe5 Rxe5 27. Kf2 Bf5 28. Rc3 Bxd3 29. Rxd3 Ne4+ 30. Kg1 Nd6 31. Ra3 Nc4 32. Rxa6 Rxe3 33. Rxc6 d4 34. a4 Na3 35. Rc8+ Kh7 36. Rd1 bxa4 37. Rxd4 Rb3 38. Ra8 Nc2 39. Rf4 Rb1+ 40. Kh2 a3 41. Rf2 Nxb4 42. Rxa3 Kg6 43. Rg3+ Kh5 44. Rxg7 Rb3 45. Rf5+ Kh4 46. Rg4# 1-0

[Event "POL-chT 2nd League"]
[Site "Jastrzebia Gora"]
[Date "2016.09.08"]
[Round "6.89"]
[White "Milczarek, Robert"]
[Black "Rozumek, Krzysztof"]
[Result "0-1"]
[WhiteElo "1740"]
[BlackElo "2010"]
[PlyCount "80"]
[EventDate "2016.09.03"]
[EventType "team-swiss"]
[EventRounds "9"]
[EventCountry "POL"]
[SourceTitle "EXT 2017"]
[Source "ChessBase"]
[SourceDate "2016.10.25"]
[SourceVersion "1"]
[SourceVersionDate "2016.10.25"]
[SourceQuality "1"]
[WhiteTeam "Skoczek Trojanski"]
[BlackTeam "Steszew Lipno"]
[WhiteTeamCountry "POL"]
[BlackTeamCountry "POL"]

1. d4 c6 2. c4 Nf6 3. Nf3 d5 4. e3 e6 5. Bd3 Nbd7 6. 0-0 Be7 7. b3 0-0 8. Bb2 b6 9. Nc3 Bb7 10. Re1 c5 11. cxd5 exd5 12. e4 cxd4 13. Nxd5 Nxd5 14. exd5 Bxd5 15. Bxd4 Bf6 16. Bf5 Bxf3 17. Bxf6 Bxd1 18. Bxd8 Rfxd8 19. Raxd1 Nf6 20. f3 Kf8 21. Kf2 g6 22. Bd3 Rac8 23. Bc4 Rxd1 24. Rxd1 Rc7 25. a4 Nd7 26. f4 Nc5 27. Rd4 f5 28. Bd5 Ke7 29. Ke3 Kf6 30. Rc4 Re7+ 31. Kf3 Kg7 32. a5 Nxb3 33. axb6 Nd2+ 34. Kf2 Nxc4 35. b7 Re8 36. Bxc4 Kf6 37. Bb5 Rb8 38. Ke3 Ke6 39. Kd4 Kd6 40. g3 Kc7 0-1

[Event "Mazowiec-chT op 1516"]
[Site "Poland"]
[Date "2016.01.24"]
[Round "7.14"]
[White "Skwirowski, Jacek"]
[Black "Milczarek, Robert"]
[Result "0-1"]
[WhiteElo "1110"]
[BlackElo "1751"]
[PlyCount "128"]
[EventDate "2015.11.29"]
[EventType "team-tourn"]
[EventRounds "10"]
[EventCountry "POL"]
[SourceTitle "EXT 2019"]
[Source "ChessBase"]
[SourceDate "2018.10.10"]
[SourceVersion "1"]
[SourceVersionDate "2018.10.10"]
[SourceQuality "1"]

1. c4 Nf6 2. d4 g6 3. Nc3 Bg7 4. Nf3 d6 5. g3 0-0 6. Bg2 Nc6 7. 0-0 Bf5 8. Nh4 Bd7 9. e4 Na5 10. Qd3 c5 11. e5 Ne8 12. Be3 cxd4 13. Bxd4 Nc6 14. f4 Nxd4 15. Qxd4 Bc6 16. Bd5 Nc7 17. Qe4 Nxd5 18. cxd5 Bd7 19. Rac1 Rc8 20. Qe3 a6 21. Nf3 Bg4 22. Kg2 Bxf3+ 23. Rxf3 dxe5 24. fxe5 f5 25. exf6 exf6 26. Rd1 Re8 27. Qd3 f5 28. d6 Qd7 29. Re3 Kh8 30. Rxe8+ Rxe8 31. Qd5 Re5 32. Qf3 Bf8 33. Qd3 Re6 34. Qd4+ Bg7 35. Qd3 Be5 36. Qf3 Rxd6 37. Rd5 Rxd5 38. Nxd5 Qc6 39. h4 Bxb2 40. Nf4 Qxf3+ 41. Kxf3 Kg7 42. Ne6+ Kf6 43. Nc5 Ba3 44. Nxb7 h6 45. Na5 g5 46. h5 g4+ 47. Ke3 Bd6 48. Kf2 Kg5 49. Nc4 Bc7 50. Kg2 Kxh5 51. Ne3 Kg5 52. a4 Bxg3 53. Kxg3 f4+ 54. Kf2 fxe3+ 55. Kxe3 Kf5 56. a5 Ke5 57. Kf2 Kf4 58. Kg2 g3 59. Kg1 Kf3 60. Kf1 g2+ 61. Kg1 h5 62. Kh2 Kf2 63. Kh3 g1Q 64. Kh4 Qg4# 0-1

[Event "Mazowiec-chT op 1516"]
[Site "Poland"]
[Date "2015.12.13"]
[Round "4.7"]
[White "Milczarek, Robert"]
[Black "Banasiak, Adam"]
[Result "0-1"]
[WhiteElo "1751"]
[BlackElo "1430"]
[PlyCount "104"]
[EventDate "2015.11.29"]
[EventType "team-tourn"]
[EventRounds "10"]
[EventCountry "POL"]
[SourceTitle "EXT 2019"]
[Source "ChessBase"]
[SourceDate "2018.10.10"]
[SourceVersion "1"]
[SourceVersionDate "2018.10.10"]
[SourceQuality "1"]

1. d4 Nf6 2. c4 d6 3. Nf3 g6 4. Nc3 Bg7 5. e4 0-0 6. Be2 e5 7. 0-0 exd4 8. Nxd4 Re8 9. f3 Nbd7 10. Bg5 Nb6 11. Rc1 a6 12. Qd2 c5 13. Nc2 Be6 14. b3 Qc7 15. Rfd1 Nc8 16. Bh6 Bh8 17. Bf4 Nd7 18. Ne3 Ne5 19. Ncd5 Qd8 20. Bg3 Nc6 21. Nc2 Nd4 22. Nxd4 Bxd4+ 23. Kh1 Bxd5 24. cxd5 Qf6 25. b4 b5 26. bxc5 dxc5 27. Rb1 Nb6 28. Rb3 Na4 29. Rf1 c4 30. Re3 Bc3 31. Qc2 Bd4 32. e5 Bxe5 33. f4 Bd4 34. Rxe8+ Rxe8 35. f5 Qe7 36. fxg6 hxg6 37. Bf3 f5 38. d6 Qf6 39. Bd5+ Kg7 40. Qd2 Nc3 41. d7 Rd8 42. Bf4 Rxd7 43. Bg5 Qe5 44. Bh6+ Kh7 45. Bf8 Be3 46. Bg8+ Kxg8 47. Qxd7 Kxf8 48. Re1 Ne4 49. Qd8+ Kg7 50. g3 Nf2+ 51. Kg2 Qe4+ 52. Kf1 Ng4 0-1

[Event "Warsaw YMCA Winter-C 136th"]
[Site "Warsaw"]
[Date "2014.03.25"]
[Round "13"]
[White "Milczarek, Robert"]
[Black "Kaniewska, Emilia"]
[Result "1/2-1/2"]
[WhiteElo "1830"]
[BlackElo "1713"]
[PlyCount "20"]
[EventDate "2014.01.06"]
[EventType "tourn"]
[EventRounds "13"]
[EventCountry "POL"]
[SourceTitle "EXT 2015"]
[Source "ChessBase"]
[SourceDate "2014.11.20"]
[SourceVersion "1"]
[SourceVersionDate "2014.11.20"]
[SourceQuality "1"]

1. e4 c5 2. c3 d5 3. exd5 Qxd5 4. d4 e6 5. Nf3 Nc6 6. Bd3 Nf6 7. 0-0 Be7 8. Be3 c4 9. Bc2 0-0 10. Nbd2 b5 1/2-1/2

[Event "Warsaw YMCA Winter-C 136th"]
[Site "Warsaw"]
[Date "2014.03.21"]
[Round "12"]
[White "Krzyzanowski, Antoni"]
[Black "Milczarek, Robert"]
[Result "1-0"]
[WhiteElo "1731"]
[BlackElo "1830"]
[PlyCount "61"]
[EventDate "2014.01.06"]
[EventType "tourn"]
[EventRounds "13"]
[EventCountry "POL"]
[SourceTitle "EXT 2015"]
[Source "ChessBase"]
[SourceDate "2014.11.20"]
[SourceVersion "1"]
[SourceVersionDate "2014.11.20"]
[SourceQuality "1"]

1. g3 Nf6 2. Bg2 g6 3. e4 d6 4. f4 c5 5. Nc3 Nc6 6. Nf3 Bg7 7. 0-0 0-0 8. d3 Rb8 9. a4 a6 10. h3 e6 11. g4 h5 12. g5 Nh7 13. Nh4 Nd4 14. Kh1 b5 15. axb5 axb5 16. Be3 b4 17. Na4 Bd7 18. c3 bxc3 19. bxc3 Nb5 20. f5 exf5 21. exf5 Nxg5 22. fxg6 fxg6 23. Rxf8+ Bxf8 24. Nxg6 Nc7 25. Qxh5 Nh7 26. Nxf8 Qxf8 27. Rf1 Qe8 28. Qh6 Bxa4 29. Be4 Qd7 30. Rg1+ Kh8 31. Bxh7 1-0

[Event "Warsaw YMCA Winter-C 136th"]
[Site "Warsaw"]
[Date "2014.02.03"]
[Round "4"]
[White "Szukalski, Antoni"]
[Black "Milczarek, Robert"]
[Result "0-1"]
[WhiteElo "1786"]
[BlackElo "1830"]
[PlyCount "66"]
[EventDate "2014.01.06"]
[EventType "tourn"]
[EventRounds "13"]
[EventCountry "POL"]
[SourceTitle "EXT 2015"]
[Source "ChessBase"]
[SourceDate "2014.11.20"]
[SourceVersion "1"]
[SourceVersionDate "2014.11.20"]
[SourceQuality "1"]

1. d4 Nf6 2. c4 g6 3. Nc3 Bg7 4. e4 d6 5. Nf3 0-0 6. Be2 Na6 7. 0-0 e5 8. d5 Nc5 9. Qc2 a5 10. a4 h6 11. Be3 b6 12. Ne1 Nh7 13. Nd3 f5 14. f3 f4 15. Bf2 g5 16. b4 axb4 17. Nxb4 h5 18. a5 bxa5 19. Nc6 Qf6 20. Bxc5 dxc5 21. h3 Rf7 22. Nxa5 Bf8 23. Nb3 Rxa1 24. Rxa1 g4 25. Ra8 Bd7 26. hxg4 hxg4 27. fxg4 Rg7 28. Qd1 Qh4 29. Nxc5 Bxg4 30. Ne6 Bxe2 31. Qxe2 Rg3 32. Nxf8 Nxf8 33. Qe1 Rxg2+ 0-1

[Event "Warsaw YMCA Winter-C 136th"]
[Site "Warsaw"]
[Date "2014.01.07"]
[Round "1"]
[White "Milczarek, Robert"]
[Black "Lewandrowski, Tomasz"]
[Result "0-1"]
[WhiteElo "1830"]
[BlackElo "1817"]
[PlyCount "72"]
[EventDate "2014.01.06"]
[EventType "tourn"]
[EventRounds "13"]
[EventCountry "POL"]
[SourceTitle "EXT 2015"]
[Source "ChessBase"]
[SourceDate "2014.11.20"]
[SourceVersion "1"]
[SourceVersionDate "2014.11.20"]
[SourceQuality "1"]

1. d4 Nf6 2. c4 g6 3. Nc3 Bg7 4. e4 d6 5. Nf3 0-0 6. Be2 c5 7. d5 b5 8. cxb5 a6 9. b6 Qxb6 10. 0-0 Bg4 11. Nd2 Bxe2 12. Qxe2 Nbd7 13. Nc4 Qc7 14. Bf4 Nh5 15. Bg5 Ne5 16. Nxe5 Bxe5 17. f4 Bd4+ 18. Kh1 e5 19. f5 f6 20. Bh6 Ng7 21. fxg6 hxg6 22. Rf3 f5 23. Rg3 Qf7 24. Bxg7 Kxg7 25. exf5 Qxf5 26. Ne4 Rab8 27. Ng5 Rxb2 28. Qd1 Rf2 29. Ne6+ Kg8 30. Nxf8 Bxa1 31. Rf3 Rxf3 32. gxf3 Kxf8 33. Qxa1 Qxf3+ 34. Kg1 Qg4+ 35. Kf1 Qc4+ 36. Ke1 Qe4+ 0-1

[Event "Warsaw Najdorf Memorial op-B 11th"]
[Site "Warsaw"]
[Date "2013.08.12"]
[Round "8"]
[White "Milczarek, Robert"]
[Black "Kaminski, Jan"]
[Result "1-0"]
[WhiteElo "1840"]
[BlackElo "1757"]
[PlyCount "119"]
[EventDate "2013.08.05"]
[EventType "swiss"]
[EventRounds "9"]
[EventCountry "POL"]
[SourceTitle "CBM 155 Extra"]
[Source "ChessBase"]
[SourceDate "2013.08.26"]
[SourceVersion "1"]
[SourceVersionDate "2013.08.26"]
[SourceQuality "1"]

1. d4 Nf6 2. c4 c6 3. Nf3 d5 4. e3 e6 5. Qc2 Nbd7 6. b3 Bd6 7. Nbd2 0-0 8. Be2 e5 9. dxe5 Nxe5 10. Bb2 Qe7 11. 0-0 Bg4 12. h3 Bh5 13. Qf5 Bg6 14. Qg5 h6 15. Qh4 Ned7 16. Rfd1 Rad8 17. cxd5 Nxd5 18. Nc4 Bb8 19. Qxe7 Nxe7 20. Ba3 Rfe8 21. Na5 Nd5 22. Nxb7 Rc8 23. Rac1 N7f6 24. Na5 Ne4 25. Ba6 Ndc3 26. Bxc8 Rxc8 27. Re1 c5 28. Nc4 Nxa2 29. Rcd1 Nac3 30. Rd7 Bf5 31. Rb7 Rd8 32. Nfe5 Bxe5 33. Nxe5 Be6 34. Nc4 Rc8 35. f3 Nf6 36. Bb2 Ncd5 37. e4 Nf4 38. Bxf6 gxf6 39. Ra1 f5 40. Rbxa7 fxe4 41. Ra8 Kg7 42. Rxc8 Bxc8 43. fxe4 Ne2+ 44. Kf2 Nd4 45. Nd2 Be6 46. Rc1 Nxb3 47. Nxb3 Bxb3 48. Rxc5 Kf6 49. Ke3 Be6 50. Kf4 Bb3 51. g4 Be6 52. h4 Kg6 53. Rc6 Kf6 54. g5+ hxg5+ 55. hxg5+ Ke7 56. Ke5 Ba2 57. Rc7+ Kf8 58. Kf6 Ke8 59. Re7+ Kf8 60. Ra7 1-0